000 00612nam a2200229Ia 4500
003 OSt
005 20220924141820.0
006 a|||||r|||| 00| 0
007 ta
008 220923b |||||||| |||| 00| 0 ben d
024 _a299408
037 _cTextual
040 _aARTS
_cARTS
_bben
041 _2ben
_aben
082 _aP157,345, M5
100 _aMorshed Kalam Manjur
_9212552
245 0 _aBangla sambandhabachak sarbanam
_bgathan-o-prakriti
260 _c1985
650 _aBENGALI LITERATURE
942 _hP157,345, M5
_cTEXL
_2CC
999 _c448348
_d448348